| 000 | 00510nam a2200193Ia 4500 | ||
|---|---|---|---|
| 008 | 160319s9999 xx 000 0 und d | ||
| 020 | _a9719285508 | ||
| 050 | _bR627e 2005 | ||
| 100 | _aRizal, Jose | ||
| 245 | _aEl Filibusterismo : | ||
| 245 | _cinihanda ni Tomas C. Ongoco. | ||
| 260 | _bAlberto Enrico Educational Center | ||
| 260 | _c2005 | ||
| 300 | _a355 pages : | ||
| 300 | _c25 cm. | ||
| 650 | _aHISTORICAL FICTION | ||
| 650 | _aPHILIPPINES -- HISTORY -- 1812-1898 -- | ||
| 650 | _xFICTION | ||
| 999 |
_c292317 _d292317 |
||